Historia del pais valenciá / (Record no. 80166)

MARC details
000 -LEADER
campo de control de longitud fija 00990nam a2200253 i 4500
001 - NÚMERO DE CONTROL
campo de control 80166
003 - IDENTIFICADOR DE NÚMERO DE CONTROL
campo de control ES-MaACL
005 - FECHA Y HORA DE LA ÚLTIMA TRANSACCIÓN
campo de control 20250923161242.0
007 - CAMPO FIJO DE DESCRIPCIÓN FÍSICA--INFORMACIÓN GENERAL
campo de control de longitud fija t|
008 - DATOS DE LONGITUD FIJA--INFORMACIÓN GENERAL
campo de control de longitud fija 041026s1965 sp ||||1| spa d
245 00 - MENCIÓN DEL TÍTULO
Título Historia del pais valenciá /
Mención de responsabilidad, etc. pròleg de J.E. Martínez Ferrando.
250 ## - MENCION DE EDICION
Mención de edición [1ª ed.].
260 ## - PUBLICACIÓN, DISTRIBUCIÓN, ETC.
Lugar de publicación, distribución, etc. Barcelona :
Nombre del editor, distribuidor, etc. Edicions 62,
Fecha de publicación, distribución, etc. [1965]
300 ## - DESCRIPCIÓN FÍSICA
Extensión 1 v. :
Otras características físicas il. ;
Dimensiones 21 cm.
490 1# - MENCIÓN DE SERIE
Mención de serie Col·lecció Estudis i Documents ;
Designación de volumen o secuencia 5
505 8# - NOTA DE CONTENIDO CON FORMATO
Nota de contenido con formato Contiene: V. I: Prehistoria i antiguitat / Miquel Tarradell. Epoca musulmana / Manuel Sanchís i Guarner ; prólog de J.E. Martínez Ferrando. 375 p.
651 #4 - PUNTO DE ACCESO ADICIONAL DE MATERIA--NOMBRE GEOGRÁFICO
Nombre geográfico Comunidad Valenciana-
Subdivisión general Historia.
9 (RLIN) 153487
700 1# - ENTRADA AGREGADA--NOMBRE PERSONAL
Nombre de persona Tarradell, Miquel.
9 (RLIN) 109320
700 1# - ENTRADA AGREGADA--NOMBRE PERSONAL
Nombre de persona Sanchis Guarner, Manuel,
Fechas asociadas al nombre 1911-1981
9 (RLIN) 103013
700 1# - ENTRADA AGREGADA--NOMBRE PERSONAL
Nombre de persona Martínez Ferrando, Ernest,
Fechas asociadas al nombre 1891-1965
9 (RLIN) 78083
830 0# - PUNTO DE ACCESO ADICIONAL DE SERIE-TÍTULO UNIFORME
Título uniforme Col·lecció Estudis i Documents ;
Designación de volumen o secuencia 5
9 (RLIN) 187245
852 ## - LOCALIZACIÓN
Ubicación ES-MaACL
Número de control de estantería P-215-Ter
Sublocalización o colección R.56554
Holdings
Estatus retirado Estado de pérdida Estado de daño No para préstamo Biblioteca de origen Biblioteca actual Ubicación en estantería Fecha de adquisición Fuente de adquisición Total de préstamos Signatura topográfica completa Código de barras Visto por última vez Precio de reemplazo Tipo de ítem Koha
        Biblioteca del Ateneo de Madrid Biblioteca del Ateneo de Madrid Depósito 2 17/01/2008     P-215-Ter 1083817 23/02/2023 23/02/2023 Libro impreso